Slovensko sa preberá zo spánku

Investovanie do podielových fondov na Slovensku. Kam investuje obyvateľstvo EÚ. Domáce a zahraničné podielové fondy. Ukazovatele hodnotenia fondov (veľkosť fondu, rating, výnosy). Druhy podielových fondov. Typológia investorov. Hlavné kritériá pri výbere vhodného podielového fondu. Trhové podiely s...

Full description

Saved in:
Bibliographic Details
Main Author: Sotník, Alexander
Format: Book Chapter
Language:Slovak
Subjects:
Tags: Add Tag
No Tags, Be the first to tag this record!

MARC

LEADER 00000naa$a2200000$$$4500
001 0004332
005 20230926070339.6
041 0 |a slo 
044 |a SK 
245 1 0 |a Slovensko sa preberá zo spánku  |c aut. Alexander Sotník 
520 |a Investovanie do podielových fondov na Slovensku. Kam investuje obyvateľstvo EÚ. Domáce a zahraničné podielové fondy. Ukazovatele hodnotenia fondov (veľkosť fondu, rating, výnosy). Druhy podielových fondov. Typológia investorov. Hlavné kritériá pri výbere vhodného podielového fondu. Trhové podiely správcovských spoločností. 
610 2 0 |a investovanie 
610 2 0 |a fondy investičné 
610 2 0 |a fondy podielové 
610 2 0 |a Slovensko 
610 2 0 |a investovanie kolektívne 
100 1 |a Sotník, Alexander